[Skúmanie jazykovej krajiny v kontexte súčasnej doby]
Recenzia na publikáciu Od textu k prekladu XVII (2. časť), ktorá sa venuje problematike translácie a predstavuje čitateľovi translačný proces z rozličných uhlov pohľadu. Ponúka odbornej verejnosti cenné postrehy z oblasti prekladu a tlmočenia, či už v kontexte vybraných odborných jazykov, alebo refl...
Saved in:
| Main Author: | |
|---|---|
| Format: | Book Chapter |
| Language: | Slovak |
| Subjects: | |
| Tags: |
No Tags, Be the first to tag this record!
|
MARC
| LEADER | 00000naa a2200000 4500 | ||
|---|---|---|---|
| 001 | 0312811 | ||
| 005 | 20251015100741.4 | ||
| 041 | 0 | |a slo | |
| 044 | |a SK | ||
| 245 | 1 | 0 | |a [Skúmanie jazykovej krajiny v kontexte súčasnej doby] |c Zuzana Gašová |
| 520 | |a Recenzia na publikáciu Od textu k prekladu XVII (2. časť), ktorá sa venuje problematike translácie a predstavuje čitateľovi translačný proces z rozličných uhlov pohľadu. Ponúka odbornej verejnosti cenné postrehy z oblasti prekladu a tlmočenia, či už v kontexte vybraných odborných jazykov, alebo reflektujúc súčasnú spoločensko-politickú situáciu a moderné trendy v edukácii. | ||
| 610 | 2 | 0 | |a preklady |
| 610 | 2 | 0 | |a tlmočníctvo |
| 610 | 2 | 0 | |a jazyky cudzie |
| 610 | 2 | 0 | |a filológia |
| 610 | 2 | 0 | |a vzdelávanie |
| 610 | 2 | 0 | |a komunikácia |
| 100 | 1 | |a Gašová, Zuzana, 1977- | |